| 000 | 00499nam a2200193Ia 4500 | ||
|---|---|---|---|
| 008 | 220501s2016 xx 000 0 eng d | ||
| 020 | _a9789332543607 | ||
| 082 | _a658.8 KAS-R | ||
| 100 | _aKashyap, Pradeep | ||
| 245 | 0 |
_aRural marketing _cPradeep Kashyap |
|
| 250 | _a3rd | ||
| 260 |
_aNoida _bPearson _c2016 |
||
| 300 | _axxv, 318p. | ||
| 650 | _aRural industries | ||
| 650 | _aRural marketing | ||
| 650 | _aSmall business marketing | ||
| 650 | _aTarget marketing | ||
| 942 |
_2ddc _cREF _01 |
||
| 999 |
_c18275 _d18275 |
||